000 00964nam a2200241 a 4500
001 000002663
005 20240412074200.0
008 090703s2009 dr ac r 000 p spa d
020 _a9789945162783
040 _aDO-SdBNP
_bspa
_cBNPHU
082 _aRD861.44
_bM538a
100 1 _aMéndez, Wagner,
_d1966-
_9731
245 1 0 _aAñoranzas de mi tierra :
_bversos de la realidad social dominicana e inspiraciones para consolar el alma /
_cWagner Méndez ; prólogo Blanca Kais Barinas.
260 _aSanto Domingo :
_bWagner Management Group,
_c2009.
300 _a93 p. :
_bil., retrs. ;
_c20 cm.
500 _aIncluye datos biográficos del autor en la solapa de la cubierta
590 _aLa biblioteca posee un ejemplar autografiado por el autor.
590 _aInventariado, 2018/BT
650 0 _aPoesía dominicana
_966
650 0 _aLiteratura dominicana.
_967
700 1 2 _aKais Barinas, Blanca,
_epról.
_9871
910 _aValidado. Control de calidad MMOLINA
999 _c2499
_d2499